| 000 | 00618nam a2200193Ia 4500 | ||
|---|---|---|---|
| 003 | GCL | ||
| 008 | 140319s9999 xx 000 0 ara d | ||
| 040 |
_aGCL / _cGCL |
||
| 082 | 0 | 4 |
_a350.765 _bم ج |
| 100 | 1 | _aمصطفى مجدى هرجة | |
| 245 | 1 | 0 |
_aجرائم المخدرات فى ضوء الفقة والقضاء / _cمصطفى مجدى هرجة |
| 260 |
_aالقاهرة : _bدار المطبوعات الجامعية ، _c1992 |
||
| 300 |
_a671 ص ؛ _c24 سم |
||
| 490 | _a | ||
| 650 | 0 | 4 | _aالقانون |
| 650 | 0 | 4 | _aالمخدرات |
| 650 | 0 | 4 | _aمكافحة المخدرات |
| 942 |
_2ddc _cBK |
||
| 999 |
_c41770 _d41770 |
||